Detalles MARC
| 000 -CABECERA |
| campo de control de longitud fija |
01348cam a2200289 a 4500 |
| 001 - NÚMERO DE CONTROL |
| campo de control |
000014969 |
| 005 - FECHA Y HORA DE LA ÚLTIMA TRANSACCIÓN |
| campo de control |
20200929163931.0 |
| 008 - DATOS DE LONGITUD FIJA--INFORMACIÓN GENERAL |
| campo de control de longitud fija |
960129s1992 sp ab b 001 0 spa d |
| 020 ## - NÚMERO INTERNACIONAL ESTÁNDAR DEL LIBRO |
| Número Internacional Estándar del Libro |
8478201262 |
| 040 ## - FUENTE DE LA CATALOGACIÓN |
| Centro catalogador/agencia de origen |
DO-SdBNP |
| Lengua de catalogación |
spa |
| Centro/agencia transcriptor |
NjP |
| Centro/agencia modificador |
DLC |
| -- |
BNPHU |
| 082 ## - NÚMERO DE LA CLASIFICACIÓN DECIMAL DEWEY |
| Número de clasificación |
700 |
| Número de documento/Ítem |
C112r |
| 049 ## - FONDOS LOCALES (OCLC) |
| Fondos de biblioteca |
BNGR |
| 100 1# - ENTRADA PRINCIPAL--NOMBRE DE PERSONA |
| Nombre de persona |
Cabañero Subiza, Bernabé, |
| Fechas asociadas al nombre |
1961- |
| 9 (RLIN) |
33888 |
| 245 14 - MENCIÓN DE TÍTULO |
| Título |
Los restos islámicos de Maleján (Zaragoza) : |
| Resto del título |
nuevos datos para el estudio de la evolución de la decoración de la época del Califato al período Taifa / |
| Mención de responsabilidad, etc. |
Bernabé Cabañero Subiza ; prólogo Christian Ewert. |
| 260 ## - PUBLICACIÓN, DISTRIBUCIÓN, ETC. |
| Lugar de publicación, distribución, etc. |
Zaragoza, Venezuela : |
| Nombre del editor, distribuidor, etc. |
Institución Fernando el Católico, |
| Fecha de publicación, distribución, etc. |
1992. |
| 300 ## - DESCRIPCIÓN FÍSICA |
| Extensión |
123 p. : |
| Otras características físicas |
il., mapas ; |
| Dimensiones |
24 cm. |
| 490 1# - MENCIÓN DE SERIE |
| Mención de serie |
Institución Fernando el Católico |
| Designación de volumen o secuencia |
1310 |
| 500 ## - NOTA GENERAL |
| Nota general |
Con un estudio epigráfico de Carmelo Lasa Ewert. |
| 504 ## - NOTA DE BIBLIOGRAFÍA, ETC. |
| Nota de bibliografía, etc. |
Incluye referencias bibliográficas (p. 106-119). |
| 650 #4 - PUNTO DE ACCESO ADICIONAL DE MATERIA--TÉRMINO DE MATERIA |
| Término de materia o nombre geográfico como elemento de entrada |
Decoración y ornamentación arquitectónicas |
| Subdivisión geográfica |
España |
| -- |
Maleján |
| 9 (RLIN) |
33889 |
| 650 #4 - PUNTO DE ACCESO ADICIONAL DE MATERIA--TÉRMINO DE MATERIA |
| Término de materia o nombre geográfico como elemento de entrada |
Antigüedades islámicas |
| Subdivisión geográfica |
Maleján (España{Rpara} |
| 9 (RLIN) |
33890 |
| 651 #4 - PUNTO DE ACCESO ADICIONAL DE MATERIA--NOMBRE GEOGRÁFICO |
| Nombre geográfico |
Maleján (España{Rpara} |
| Subdivisión general |
Antigüedades |
| 9 (RLIN) |
33891 |
| 650 #4 - PUNTO DE ACCESO ADICIONAL DE MATERIA--TÉRMINO DE MATERIA |
| Término de materia o nombre geográfico como elemento de entrada |
Excavaciones arqueológicas |
| Subdivisión geográfica |
Maleján (España{Rpara} |
| 9 (RLIN) |
33892 |
| 700 1# - PUNTO DE ACCESO ADICIONAL--NOMBRE DE PERSONA |
| Nombre de persona |
Ewert, Christian |
| Término indicativo de función/relación |
pról. |
| 9 (RLIN) |
33893 |
| 830 #0 - PUNTO DE ACCESO ADICIONAL DE SERIE-TÍTULO UNIFORME |
| Título uniforme |
Institución Fernando el Católico ; |
| Designación de volumen o secuencia |
1310. |
| 9 (RLIN) |
16722 |
| 910 ## - DATOS DE OPCIÓN DEL USUARIO (OCLC) |
| Datos de opción del usuario |
Catalogación por copia / LC |